000 00540nam a2200193 i 4500
001 27512
003 ES-MaACL
005 20230906153632.0
007 t|
008 030114s1982 sp ||||1| spa d
100 1 _aAyerra, Ramón.
_924149
245 1 4 _aLas amables veladas con Cecilia /
_cRamón Ayerra.
260 _a[Barcelona] :
_bArgos,
_c[1982]
300 _a200 p. ;
_c17 cm.
490 1 _aColección alternativa
830 0 _aColección alternativa
_9229215
852 _aES-MaACL
_jL-3002
_bR.103683
999 _c27512
_d27512